The Golden Age revisited : Arnold Houbraken's Great Theatre of Netherlandish painters and paintresses
Gespeichert in:
| VerfasserIn: | |
|---|---|
| Dokumenttyp: | Buch |
| Sprache: | English |
| Veröffentlicht: |
Doornspijk
: Davaco Publ.
, 2000
|
| Schlagwörter: | |
| Online Zugang: | Rezension Rezension |
| Bibliogr. Hinweis: | Rezensiert in:
[Rezension von: Hendrik J. Horn, The Golden Age revisited] |
| Verantwortlich: | Hendrik J. Horn |
| LEADER | 01841cam a2200445 ca4500 | ||
|---|---|---|---|
| 001 | 1161652280 | ||
| 003 | DE-627 | ||
| 005 | 20260421105515.0 | ||
| 007 | tu | ||
| 008 | 010605m20002000xx ||||| 00| ||eng c | ||
| 020 | |a 9070288664 |9 90-70288-66-4 | ||
| 035 | |a (DE-627)1161652280 | ||
| 035 | |a (DE-576)091652286 | ||
| 035 | |a (DE-599)BSZ091652286 | ||
| 035 | |a (OCoLC)611200301 | ||
| 040 | |a DE-627 |b ger |c DE-627 |e rakwb | ||
| 041 | |a eng | ||
| 084 | |a 9,10 |2 ssgn | ||
| 100 | 1 | |a Horn, Hendrik J. |d 1940- |e VerfasserIn |0 (DE-588)188359087 |0 (DE-627)699289300 |0 (DE-576)135231957 |4 aut | |
| 245 | 1 | 4 | |a The Golden Age revisited |b Arnold Houbraken's Great Theatre of Netherlandish painters and paintresses |c Hendrik J. Horn |
| 264 | 1 | |a Doornspijk |b Davaco Publ. |c 2000 | |
| 336 | |a Text |b txt |2 rdacontent | ||
| 337 | |a ohne Hilfsmittel zu benutzen |b n |2 rdamedia | ||
| 338 | |a Band |b nc |2 rdacarrier | ||
| 689 | 0 | 0 | |d p |0 (DE-588)118835262 |0 (DE-627)133862690 |0 (DE-576)161494889 |a Houbraken, Arnold |d 1660-1719 |2 gnd |
| 689 | 0 | |5 (DE-627) | |
| 689 | 1 | 0 | |d g |0 (DE-588)4042203-3 |0 (DE-627)104400765 |0 (DE-576)209049030 |a Niederlande |2 gnd |
| 689 | 1 | 1 | |d s |0 (DE-588)4037220-0 |0 (DE-627)10623871X |0 (DE-576)209022892 |a Malerei |2 gnd |
| 689 | 1 | 2 | |a z |2 gnd |a Geschichte 1600-1700 |
| 689 | 1 | |5 (DE-627) | |
| 787 | 0 | 8 | |i Rezensiert in |a Raupp, Hans-Joachim, 1949 - |t [Rezension von: Hendrik J. Horn, The Golden Age revisited] |d 2002 |w (DE-627)1920627731 |
| 856 | 4 | 2 | |u https://swbplus.bsz-bw.de/bsz091652286rez.htm |m V:DE-576 |v 2005-08-10 |3 Rezension |7 1 |
| 856 | 4 | 2 | |u http://www.sehepunkte.de/2002/11/3209.html |m V:DE-576;X:Sehepunkte |q text/html |v 20180423160621 |3 Rezension |7 1 |
| 951 | |a MC | ||
| 990 | |a Houbraken, Arnold | ||
| 990 | |a Niederlande | ||
| 990 | |a Malerei | ||
| 990 | |a Geschichte 1600-1700 | ||
| 991 | |a Rezensiertes Werk | ||
| 999 | |a KXP-PPN1161652280 |e 4953862252 | ||


